00876cam a2200253 i 450000100060000000300080000600500170001400800390003102000150007003500190008504000320010404100080013608200240014410000380016824500960020625000120030226000500031430000330036450000450039750400510044265000230049370000510051670000550056715593BD-RjUL20211208235842.0140210s1978 ohua b 001 0 eng a0538075201 a(BD-RjUL)15648 aDLCcDLCdDLCdBD-RjULbeng aeng00a651.3219bKEA 19781 aKeeling, B. Lewis.q(Billy Lewis)10aAdministrative office management /cB. Lewis Keeling, Norman F. Kallaus, John J. W. Neuner. a7th ed. aCincinnati :bSouth-Western Pub. Co.,cc1978. aix, 755 p. :bill. ;c24 cm. aSixth ed. entered under J. J. W. Neuner. aIncludes bibliographical references and index. 0aOffice management.1 aKallaus, Norman Francis,d1924-ejoint author.1 aNeuner, John Joseph William,d1900-ejoint author.